Makers of the microchip : (رقم التسجيلة. 21769)

تفاصيل مارك
000 -الفاتح
حقل البيانات ثابتة الطول 02851cam a2200385 a 4500
001 - رقم الضبط
رقم الضبط 16021898
003 - محدد رقم الضبط
رقم الضبط OSt
005 - وقت وتاريخ اخر تعامل مع التسجيلة
رقم الضبط 20150408114018.0
008 - عناصر البيانات ثابتة الطول - معلومات عامة
حقل البيانات ثابتة الطول 091214s2010 maua b 001 0 eng
010 ## - رقم ضبط مكتبة الكونجرس
رقم ضبط مكتبة الكونجرس 2009049182
015 ## - رقم الببليوجرافية الوطنية
رقم الببليوجرافية الوطنية GBB078018
المصدر bnb
016 7# - رقم ضبط الوكاله الوطنية للضبط الببليوجرافي
رقم ضبط التسجيلة 015588778
المصدر Uk
020 ## - الرقم الدولى المعيارى للكتب
الرقم الدولى المعيارى للكتاب 9780262014243 (hardcover : alk. paper)
020 ## - الرقم الدولى المعيارى للكتب
الرقم الدولى المعيارى للكتاب 0262014246 (hardcover : alk. paper)
035 ## - رقم ضبط النظام
رقم ضبط النظام (OCoLC)ocn489438872
040 ## - مصدر الفهرسة
وكالة الفهرسة الأصلية DLC
وكالة النسخ DLC
وكالة التعديل YDXCP
-- UKM
-- C#P
-- CDX
-- N15
-- DLC
042 ## - رمز التحقق
رمز التحقق pcc
043 ## - رمز المنطقة الجغرافية
رمز المنطقة الجغرافية n-us---
050 00 - رقم طلب مكتبة الكونجرس
رقم التصنيف TK7871.85
رقم المادة .L4167 2010
082 00 - رقم تصنيف ديوى العشرى
رقم التصنيف 338.762
رقم الطبعة 22
100 1# - المدخل الرئيسى - إسم شخصى
الإسم الشخصى Lécuyer, Christophe.
9 (RLIN) 11826
245 10 - بيان العنوان
العنوان Makers of the microchip :
بقية العنوان a documentary history of Fairchild Semiconductor /
بيان المسئوليه,etc Christophe Lécuyer, David C. Brock.
260 ## - PUBLICATION, DISTRIBUTION, ETC. (IMPRINT)
مكان الناشر او الموزع Cambridge, Mass. :
اسم الناشر او الموزع MIT Press,
تاريخ النشر أو التوزيع c2010.
300 ## - الوصف المادى
التعداد xi, 312 p. :
تفاصيل ماديه اخرى للوعاء ill. ;
أبعاد الوعاء 27 cm.
500 ## - تبصرة عامة
تبصرة عامة Includes facsimilies of historical documents.
504 ## - تبصرة ببليوجرافية
تبصرة ببليوجرافية,الخ Includes bibliographical references (p. [295]-305) and index.
520 ## - التبصرة الخاصة بالتعليق أو التلخيص
ملخص,الخ "In the first three and a half years of its existence, Fairchild Semiconductor developed, produced, and marketed the device that would become the fundamental building block of the digital world: the microchip. Founded in 1957 by eight former employees of the Shockley Semiconductor Laboratory, Fairchild created the model for a successful Silicon Valley start-up: intense activity with a common goal, close collaboration, and a quick path to the market (Fairchild's first device hit the market just ten months after the company's founding). Fairchild Semiconductor was one of the first companies financed by venture capital, and its success inspired the establishment of venture capital firms in the San Francisco Bay area. These firms would finance the explosive growth of Silicon Valley over the next several decades. This history of the early years of Fairchild Semiconductor examines the technological, business, and social dynamics behind its innovative products. The centerpiece of the book is a collection of documents, reproduced in facsimile, including the company's first prospectus; ideas, sketches, and plans for the company's products; and a notebook kept by co-founder Jay Last that records problems, schedules, and tasks discussed at weekly meetings. A historical overview, interpretive essays, and an introduction to semiconductor technology in the period accompany these primary documents"--P. [2] of dust cover.
610 20 - المدخل الاضافى بالموضوع-اسم هيئة
اسم الهيئة أو اسم السلطة كمدخل Fairchild (Firm)
التقسيم الفرعي العام History.
9 (RLIN) 11827
610 20 - المدخل الاضافى بالموضوع-اسم هيئة
اسم الهيئة أو اسم السلطة كمدخل Fairchild (Firm)
التقسيم الفرعي الشكلي Archives.
9 (RLIN) 11828
650 #0 - المدخل الاضافى بالموضوع-مصطلح موضوعى
مصطلح موضوعي أو اسم جغرافي كعنصر مدخل Semiconductors
التقسيم الفرعي العام Design and construction
-- History.
9 (RLIN) 11829
650 #0 - المدخل الاضافى بالموضوع-مصطلح موضوعى
مصطلح موضوعي أو اسم جغرافي كعنصر مدخل Integrated circuits
التقسيم الفرعي العام Design and construction
-- History.
9 (RLIN) 11830
700 1# - المدخل الاضافى - اسم شخصى
الإسم الشخصى Brock, David C.
9 (RLIN) 11831
942 ## - عناصر المدخل الإضافي( كوها)
مصدر التصنيف او مخطط الترفيف Dewey Decimal Classification
Koha [default] item type كتاب
المقتنيات
حالة الفقد نموذج السعر الفعال حالة تلف ليس للاعارة رقم الطلب تاريخ الاكتساب الموقع الحالي الباركود الفرع الرئيسي Date last seen نوع المادة فى نظام كوها مصدر التصنيف او خطة الترفيف Total Checkouts
  2013-03-10     338.762 L C M 2012-04-22 مكتبة كلية التربية بالزلفى - طالبات (EZF) 00085102 مكتبة كلية التربية بالزلفى - طالبات (EZF) 2013-03-10 كتاب Dewey Decimal Classification  
  2013-03-10     338.762 L C M 2012-04-22 مكتبة كلية التربية بالزلفى - طالبات (EZF) 00085103 مكتبة كلية التربية بالزلفى - طالبات (EZF) 2013-03-10 كتاب Dewey Decimal Classification  
  2013-03-10     338.762 L C M 2012-04-22 مكتبة كلية التربية بالزلفى - طالبات (EZF) 00085099 مكتبة كلية التربية بالزلفى - طالبات (EZF) 2013-03-10 كتاب Dewey Decimal Classification  
  2013-03-10     338.762 L C M 2012-04-22 مكتبة كلية التربية بالزلفى - طالبات (EZF) 00085100 مكتبة كلية التربية بالزلفى - طالبات (EZF) 2013-03-10 كتاب Dewey Decimal Classification  
  2013-03-10     338.762 L C M 2012-04-22 مكتبة كلية التربية بالزلفى - طالبات (EZF) 00085101 مكتبة كلية التربية بالزلفى - طالبات (EZF) 2013-03-10 كتاب Dewey Decimal Classification  
  2013-03-10     338.762 L C M 2012-04-23 مكتبة مجمع الكليات بالزلفى - طلاب (SZM) 00085261 مكتبة مجمع الكليات بالزلفى - طلاب (SZM) 2013-03-10 كتاب Dewey Decimal Classification  
  2013-03-10     338.762 L C M 2012-04-23 مكتبة مجمع الكليات بالزلفى - طلاب (SZM) 00085262 مكتبة مجمع الكليات بالزلفى - طلاب (SZM) 2013-03-10 كتاب Dewey Decimal Classification  
  2013-03-10     338.762 L C M 2012-04-23 مكتبة مجمع الكليات بالزلفى - طلاب (SZM) 00085263 مكتبة مجمع الكليات بالزلفى - طلاب (SZM) 2013-03-10 كتاب Dewey Decimal Classification  
  2013-03-10     338.762 L C M 2012-04-23 مكتبة مجمع الكليات بالزلفى - طلاب (SZM) 00085264 مكتبة مجمع الكليات بالزلفى - طلاب (SZM) 2013-03-10 كتاب Dewey Decimal Classification  
  2013-03-10     338.762 L C M 2012-04-23 مكتبة مجمع الكليات بالزلفى - طلاب (SZM) 00085265 مكتبة مجمع الكليات بالزلفى - طلاب (SZM) 2013-03-10 كتاب Dewey Decimal Classification